000 00519nam a2200157 a 4500
001 000032885
005 20240305122052.0
008 110801s1951 dr 000 0 spa d
040 _aDO-SdBNP
_bspa
_cBNPHU
082 _axxx
_bH565p
100 1 _aHerrera, César A.,
_d1910-1988
_98333
245 1 3 _aLa poesía de Salomé Ureña en su función social y patriótica /
_cCésar A. Herrera.
260 _aCiudad Trujillo, República Dominicana :
_bImpresora Dominicana,
_c1951.
300 _a27 p. ;
_c23 cm.
049 _aBNPD
999 _c32376
_d32376